000 00437nam a2200145Ia 4500
008 220214s9999 xx 000 0 und d
022 _a0002-1458
245 0 _aAGRICULTURAL ENGINEERING
260 _bAmerican Society of Agricultural Engineers, Michigen
_aUSA
310 _a7/Y
500 _aEnding Volume & Year: 68, 1987
500 _aMissing Volume: 56(1-3);61(10);67(2)
500 _aStarting Volume & Year: 56, 1975
942 _cBJ
999 _c11248
_d11248